أتوكاد 14 بابيل / (رقم التسجيلة. 11149)

تفاصيل مارك
000 -الفاتح
عناصر البيانات ثابتة الطول 00966cam a22002537i 4500
005 - تاريخ ووقت آخر معاملة
حقل ضبط 20251108164646.0
008 - عناصر البيانات ثابتة الطول
عناصر البيانات ثابتة الطول 250721s1998 ua gr 000 0 ara d
020 ## - الترقيم الدولي المعياري للكتب (ردمك)
الترقيم الدولي المعياري للكتب (ردمك) 9773070085
041 1# - كود اللغة
كود اللغة لنص/مسار صوت أو عنوان منفصل ara
كود اللغة للأصل eng
082 14 - رقم تصنيف ديوي العشري
رقم التصنيف 005.29
رقم المادة ف ن ك
100 1# - مدخل رئيسي – اسم شخصي
الاسم الشخصي فنكلشين، ألن
علاقة الشخص بالعمل/ دوره مؤلف.
240 10 - عنوان مقنن
عنوان مقنن AutoCAD 14 bible
245 10 - بيان العنوان
العنوان أتوكاد 14 بابيل /
بيان المسؤولية تأليف أيلين فنكليشتين ؛ اعداد قسم الترجمة بدار الفاروق د. خالد العامري.
250 ## - بيان الطبعة
بيان الطبعة الطبعة الاولى.
264 1# - بيانات النشر، التوزيع…إلخ
مكان النشر، التوزيع...إلخ القاهرة :
اسم الناشر، الموزع...إلخ دار الفاروق للنشر و التوزيع،
تاريخ النشر، التوزيع...إلخ 1998.
300 ## - الوصف المادي
عدد الوحدات المكونة للوعاء 1343صفحة+ cd
المادة المصاحبة قرص مضغوط.
650 17 - مدخل إضافي بالموضوع - مصطلح موضوعي
مصطلح موضوعي أو اسم جغرافي كعنصر مدخل البرمجيات.
650 17 - مدخل إضافي بالموضوع - مصطلح موضوعي
مصطلح موضوعي أو اسم جغرافي كعنصر مدخل برامج الحاسوب.
650 17 - مدخل إضافي بالموضوع - مصطلح موضوعي
مصطلح موضوعي أو اسم جغرافي كعنصر مدخل أوتوكاد.
700 1# - مدخل إضافي - اسم شخصي
الاسم الشخصي العامري، خالد
علاقة الشخص بالعمل/ دوره معد
710 2# - مدخل إضافي - اسم هيئة
اسم الهيئة أو السلطة المختصة كعنصر مدخل قسم الترجمة بدار الفاروق
علاقة الهيئة بالعمل/ دورالهئية معد.
942 ## - بيانات إضافية (كوها)
نوع التنصيف Dewey Decimal Classification
نوع المادة (كوها) مراجع
المقتنيات
حالة السحب حالة الفقدان مصدر التصنيف حالة التلف غير قابل للإعارة المكتبة الرئيسية المكتبة الحالية موقع الرف تاريخ التزويد الرقم المتسلسل Total Checkouts رقم الإستدعاء الباركود تاريخ آخر ظهور تاريخ الفاتورة نوع المادة (كوها)
    Dewey Decimal Classification   Not For Loan المكتبة المركزية المكتبة المركزية مراجع 06/07/2004 383439   م/ 005.29 / ف ن ك 383439 28/07/2025 06/07/2004 مراجع
Implemented & Customized by: BBB with SCIT (Smart Chains for Information Technology)

Powered by Koha